banner koha

Manta petrolina: uma alternativa para agregar valor às carnes caprina e ovina (Registro n. 339905)

MARC details
000 -LÍDER
Campo de controle fixo 01737nam a22003737a 4500
001 - NÚMERO DE CONTROLE
Número de controle BR2025004809
003 - CÓDIGO MARC DA AGÊNCIA CATALOGADORA
Campo de controle BR-BrBNA
005 - DATA E HORA DA ÚLTIMA ATUALIZAÇÃO
Campo de controle 20260123131242.0
008 - CAMPO DE TAMANHO FIXO
Campo fixo de controle 260123b2026 bl.||||| |||| 00| 0 por d
020 ## - ISBN - INTERNATIONAL STANDARD BOOK NUMBER
ISBN 978-85-60307-03-6
040 ## - FONTE DA CATALOGAÇÃO
Agência catalogadora BR-BrBNA
Idioma da catalogação por
041 ## - CÓDIGO DO IDIOMA
Código do Idioma por
072 ## - CATEGORIA AGRIS
Código da categoria de assunto/objeto <a href="L51">L51</a>
Código do objeto 9700
090 ## - NÚMERO DE CHAMADA
Código BR 9700 BR2025004809
100 0# - ENTRADA PRINCIPAL - NOME PESSOAL
Nome pessoal Costa, Roberto Germano
100 0# - ENTRADA PRINCIPAL - NOME PESSOAL
Nome pessoal Madrugada, Marta Suely
100 0# - ENTRADA PRINCIPAL - NOME PESSOAL
Nome pessoal Medeiros, Geovergue Rodrigues de
100 0# - ENTRADA PRINCIPAL - NOME PESSOAL
Nome pessoal Voltolini, Tadeu Vinhas
100 0# - ENTRADA PRINCIPAL - NOME PESSOAL
Nome pessoal Duarte, Terezinha Fernandes
100 0# - ENTRADA PRINCIPAL - NOME PESSOAL
Nome pessoal Pedrosa,Nely de Almeida
110 ## - ENTRADA PRINCIPAL - ENTIDADE
Nome da entidade ou lugar Instituto Nacional do Seminário
245 ## - TÍTULO PRINCIPAL
Título principal Manta petrolina: uma alternativa para agregar valor às carnes caprina e ovina
260 ## - IMPRENTA (PUBLICAÇÃO, DISTRIBUIÇÃO, ETC.)
Lugar de publicação, distribuição, etc. Campina Grande, P Campina Grande, PB (Brazil)
Nome do editor, distribuidor, etc. IJUSA
Data de publicação, distribuição, etc 2010
300 ## - DESCRIÇÃO FÍSICA
Extensão 109 p.
500 ## - NOTA GERAL
Notas gerais Bibliography p. 105-109 (26 ref.); 39 illus; 10 graphs; 6 tables
650 ## - ASSUNTO - THESAGRO
Cabeçalho tópico ou nome geográfico CADEIA PRODUTIVA
650 ## - ASSUNTO - THESAGRO
Cabeçalho tópico ou nome geográfico CAPRINOCULTURA
650 ## - ASSUNTO - THESAGRO
Cabeçalho tópico ou nome geográfico OVINOCULTURA
650 ## - ASSUNTO - THESAGRO
Cabeçalho tópico ou nome geográfico CARNE SALGADA
650 ## - ASSUNTO - THESAGRO
Cabeçalho tópico ou nome geográfico CARNE DE SOL
650 ## - ASSUNTO - THESAGRO
Cabeçalho tópico ou nome geográfico COMERCIALIZAÇÃO
909 ## - IDENTIFICAÇÃO DO CATALOGADOR
Ano e mês da catalogação (aaaamm) 202601
Identificação do catalogador Solange
942 ## - TIPO ESPECÍFICO
Tipo de material Livros
952 ## - LOCATION AND ITEM INFORMATION (KOHA)
-- 2026-01-23
Exemplares
Status de empréstimo Fonte de classificação Status de danificação Não pode ser emprestado Código da coleção Localização permanente Localização atual Localização na estante Total Checkouts Número de chamada Código de barras Tipo de material
  Classificação AGRIS     Agrobase Biblioteca Nacional de Agricultura - Binagri Biblioteca Nacional de Agricultura - Binagri Agrobase - Acervo Geral   9700 BR2025004809 2026-0346 Livros

BINAGRI

Telefone: (61)3218-2567/2388/3357/2097 - binagri@agro.gov.br

Ministério da Agricultura e Pecuária , Esplanada dos Ministérios, Bloco D, Anexo B, Brasília/DF, CEP: 70.043-900